000
00215 a2200097 4500
001
37416
100
_a
Kanwal G R
245
_a
Paradise Lost
260
_a
New Delhi
_b
Surjeet Publishers
_c
090
_c
23884
_d
23884
942
_a
NUST-CAE
_c
M
_c
15429
999
_c
272489
_d
272489